Library of the University of Algiers 3
Ibrahim Sultan Cheibout
شعار جامعة الجزائر 3
مكتبة جامعة الجزائر 3
إبراهيم سلطان شيبوط

تسويق المعلومات / (رقم التسجيلة. 43004)

تفاصيل مارك
000 -LEADER
fixed length control field 01238nam a2200229Ia 4500
003 - CONTROL NUMBER IDENTIFIER
control field Ost
005 - DATE AND TIME OF LATEST TRANSACTION
control field 20260507075115.0
008 - FIXED-LENGTH DATA ELEMENTS--GENERAL INFORMATION
fixed length control field 260507s9999||||xx |||||||||||||| ||und||
040 ## - CATALOGING SOURCE
Transcribing agency fsecg
041 ## - LANGUAGE CODE
Language code of text/sound track or separate title ara
082 ## - DEWEY DECIMAL CLASSIFICATION NUMBER
Classification number 658.8
100 ## - MAIN ENTRY--PERSONAL NAME
Personal name عليان، ربحي مصطفى
Relator term مؤلف
245 #0 - TITLE STATEMENT
Title تسويق المعلومات /
Statement of responsibility, etc. ربحي مصطفى عليان
260 ## - PUBLICATION, DISTRIBUTION, ETC.
Place of publication, distribution, etc. عمان:
Name of publisher, distributor, etc. دار صفاء للنش والتوزيع,
Date of publication, distribution, etc. 2004
300 ## - PHYSICAL DESCRIPTION
Extent 300 صفحة؛
Other physical details إيضاحات ؛
Dimensions 24 سم
520 ## - SUMMARY, ETC.
Summary, etc. تسويق المعلومات (مفاهيم أساسية)- بيئة تسويق المعلومات- التسويق في المؤسسات المعلوماتية- تسويق الخدمات في المؤسسات المعلوماتية- تجزئة السوق المستهدفة والمزيج التسويقي- استراتيجية تسويق المعلومات- العلاقات العامة في خدمة العملية التسويقية- التسويق عبر الأنترنت- بحوث التسويق
653 ## - INDEX TERM--UNCONTROLLED
Uncontrolled term المعلومات
653 ## - INDEX TERM--UNCONTROLLED
Uncontrolled term بث المعلومات
653 ## - INDEX TERM--UNCONTROLLED
Uncontrolled term تسويق المعلومات
700 ## - ADDED ENTRY--PERSONAL NAME
Personal name السامراني، ايمان فاضل
Relator term مؤلف ثانوي
942 ## - ADDED ENTRY ELEMENTS (KOHA)
Koha item type كتب

لا توجد مواد متاحة.

موارد الويب المفتوحة


© University of Algiers 3 All Rights Reserved
|
Implemented by LECHELAH Riad